[Event "Athens PAO CC-ch 16th"]
[Site "Athens"]
[Date "2024.01.26"]
[Round "2"]
[White "Merasedoglou, Nikolaos"]
[Black "Tepetes, Nikoalos Iason"]
[Result "1-0"]
[WhiteElo "1696"]
[BlackElo "1341"]
[PlyCount "143"]
[EventDate "2024.01.19"]
[EventType "swiss"]
[EventRounds "7"]
[EventCountry "GRE"]
[SourceTitle "CB16_2024"]
[SourceDate "2024.04.17"]
[SourceVersion "1"]
[SourceVersionDate "2024.04.17"]
[SourceQuality "1"]

1. d4 Nf6 2. c4 g6 3. Nc3 Bg7 4. e4 d6 5. f3 0-0 6. Be3 Nc6 7. Qd2 Re8 8. Bd3 e5 9. d5 Nb8 10. Nge2 c6 11. 0-0 cxd5 12. Nxd5 Nc6 13. Nec3 Be6 14. Be2 Ne7 15. Nxf6+ Bxf6 16. Rfd1 Nc8 17. Rac1 Be7 18. b3 Qc7 19. Nd5 Bxd5 20. cxd5 Qd8 21. Qc3 Bf8 22. Bb5 Re7 23. a4 f6 24. Rc2 a6 25. Be2 Rf7 26. Qd2 Ne7 27. Rdc1 Rc8 28. Qb4 Rxc2 29. Rxc2 Nc8 30. Qc3 Ne7 31. Qc7 Nc6 32. Qxd8 Nxd8 33. b4 f5 34. Rc8 Be7 35. Bb6 Rf8 36. Rb8 fxe4 37. fxe4 Bg5 38. Bxd8 Rxd8 39. Rxb7 Be3+ 40. Kf1 Rc8 41. Bxa6 Rc1+ 42. Ke2 Bg1 43. h3 Ra1 44. a5 Ra2+ 45. Kf3 Ra3+ 46. Kg4 Re3 47. Kg5 Rxe4 48. Kf6 Rf4+ 49. Ke6 Bd4 50. Kxd6 e4 51. Kc6 e3 52. d6 Rf6 53. Bc4+ Kf8 54. a6 Be5 55. a7 Rxd6+ 56. Kb5 Rd8 57. Rxh7 Bd4 58. Ka4 Ra8 59. Kb5 Rxa7 60. Rxa7 Bxa7 61. Kc6 Ke7 62. Kc7 Kf6 63. b5 Ke5 64. Be2 Kf4 65. g4 Kg3 66. b6 Bxb6+ 67. Kxb6 Kf2 68. Bd1 Kg3 69. Kc5 Kxh3 70. Kd4 e2 71. Bxe2 g5 72. Ke5 1-0

[Event "Attica-ch U16"]
[Site "Peristeri"]
[Date "2012.04.17"]
[Round "1"]
[White "Kalogridakis, Georgios"]
[Black "Merasedoglou, Nikolaos"]
[Result "1-0"]
[WhiteElo "1904"]
[BlackElo "1490"]
[PlyCount "61"]
[EventDate "2012.04.17"]
[EventType "swiss"]
[EventRounds "7"]
[EventCountry "GRE"]
[SourceTitle "EXT 2024"]
[Source "ChessBase"]
[SourceDate "2023.10.10"]
[SourceVersion "1"]
[SourceVersionDate "2023.10.10"]
[SourceQuality "1"]

1. e4 c5 2. Nf3 d6 3. d4 cxd4 4. Nxd4 Nf6 5. Nc3 g6 6. Be3 Bg7 7. f3 Nc6 8. Qd2 0-0 9. 0-0-0 Bd7 10. Kb1 Rc8 11. g4 Ne5 12. h4 Nc4 13. Bxc4 Rxc4 14. h5 a6 15. hxg6 fxg6 16. Nde2 b5 17. Bh6 Rf7 18. Bxg7 Rxg7 19. e5 Ne8 20. exd6 Nxd6 21. Ng3 Rc8 22. Nce4 Bc6 23. Ng5 Nb7 24. Qe3 Qe8 25. Qe6+ Kh8 26. Nxh7 Rxh7 27. Rxh7+ Kxh7 28. Rh1+ Kg7 29. Qe5+ Kf7 30. Rh7+ Kf8 31. Qg7# 1-0